000 00626nam a2200193 i 4500
001 bgj
100 1 _aEVANS, Virginia
245 1 0 _aEntry Tests :
_bfor the revised Cambridge Proficiency Examination : teacher's book /
_cVirginia Evans.
260 _aNewbury :
_bExpress Publishing,
_c2001.
300 _a86 pp ;
_c28 cm.
650 9 _aEnglish langugage
_xExaminations, questions, etc.
650 9 _aEnglish langugage
_xCPE tests
_xCambridge Proficiency Examination Tests
020 _a1843251043
040 _cBPK
041 0 _aeng
920 _a1-84325-104-3
942 _cKS
008 s uk f |000 0 eng
999 _c48728
_d48728